Statistics for Chess Terminology

Click here to take the quiz!

General Stats

  • This quiz has been taken 871 times
  • The average score is 12 of 24

Answer Stats

Definition Language Answer % Correct
To attack the enemy Kingfrom Persiancheck
90%
To end the game by making an unstoppable attack against the enemy Kingfrom Persiancheckmate
88%
A type of move involving both the King and the RookEnglishcastling
87%
Direction in which Bishops moveEnglishdiagonally
85%
A draw resulting from the active player having no legal movesEnglishstalemate
80%
A type of move in which a pawn moving two squares is captured as though it moved only oneFrenchen passant
73%
To intentionally give up material to further an attackEnglishsacrifice
70%
A type of move in which a pawn is converted into some other pieceEnglishpromotion
66%
To attack two pieces simultaneously with one pieceEnglishfork
63%
To intentionally give up a pawn in the opening, in exchange for better positionfrom Italiangambit
60%
To attack a piece such that if it moved, a more valuable piece would be exposedEnglishpin
59%
An attack by one piece, created by moving a different pieceEnglishdiscovered attack
46%
The placement of a Bishop on the long diagonal, in front of the Knight's initial positionItalianfianchetto
46%
A pawn which cannot be stopped by any enemy pawnsEnglishpassed pawn
44%
To attack a piece such that when it moves, a less valuable piece will be exposedEnglishskewer
38%
A situation in which a player's position will be worsened by any legal moveGermanzugswang
36%
A draw which a player forces by making an endless series of attacks against the enemy KingEnglishperpetual check
31%
A king of PersiaPersianshah
23%
Spoken phrase used to indicate that the player is adjusting a piece, not moving itFrenchj'adoube
23%
The most popular Chess set design, named after 1843 Chess championEnglish surnameStaunton
21%
To comment on a game before it has ended, in hearing of the playersYiddishkibitz
14%
The Goddess of ChessLatinCaïssa
11%
Direction in which Rooks moveEnglishorthogonally
7%
Original name of the Chess vairant which is now standard (hint: it strengthened a piece)EnglishMad Queen Chess
4%

Score Distribution

Percentile by Number Answered

Percent of People with Each Score

Your Score History

You have not taken this quiz